Intergrated Agriculture and Natural Resource Management for Sustainable Development (Record no. 25437)

000 -LEADER
fixed length control field 00471nam a22001577a 4500
003 - CONTROL NUMBER IDENTIFIER
control field LRUA
005 - DATE AND TIME OF LATEST TRANSACTION
control field 20260108202234.0
008 - FIXED-LENGTH DATA ELEMENTS--GENERAL INFORMATION
fixed length control field 260108b xxu||||| |||| 00| 0 eng d
040 ## - CATALOGING SOURCE
Transcribing agency RUA
082 ## - DEWEY DECIMAL CLASSIFICATION NUMBER
Edition number RE TKE 2013 C-103 Or.
100 ## - MAIN ENTRY--PERSONAL NAME
9 (RLIN) 19179
Personal name Tho Kim Eang ធូ គឹមអៀង
245 ## - TITLE STATEMENT
Title Intergrated Agriculture and Natural Resource Management for Sustainable Development
260 ## - PUBLICATION, DISTRIBUTION, ETC. (IMPRINT)
Place of publication, distribution, etc. PHNOM PENH
Name of publisher, distributor, etc. RUA
Date of publication, distribution, etc. 2025
300 ## - PHYSICAL DESCRIPTION
Extent x246p
Other physical details Viii
Dimensions 29cm
942 ## - ADDED ENTRY ELEMENTS (KOHA)
Source of classification or shelving scheme
Koha item type ឯកសារស្រាវជ្រាវ
Holdings
Price effective from Date last seen Permanent Location Not for loan Date acquired Source of classification or shelving scheme Koha item type Barcode Lost status Damaged status Withdrawn status Current Location Full call number
2026-01-082026-01-08Library Block D 2026-01-08 ឯកសារស្រាវជ្រាវC034385   Library Block DRE TKE 2013 C-108 Or.1
2026-01-082026-01-08Library Block D 2026-01-08 ឯកសារស្រាវជ្រាវC034386   Library Block DRE TKE 2013 C-108 Or.2
2026-01-082026-01-08Library Block D 2026-01-08 ឯកសារស្រាវជ្រាវC034381   Library Block DRE TKE 2013 C-108 Or.3
2026-01-082026-01-08Library Block D 2026-01-08 ឯកសារស្រាវជ្រាវC034383   Library Block DRE TKE 2013 C-108 Or.4
2026-01-082026-01-08Library Block D 2026-01-08 ឯកសារស្រាវជ្រាវC034384   Library Block DRE TKE 2013 C-108 Or.5
មជ្ឈមណ្ឌលឯការនៃសាកលវិទ្យាល័យភូមិន្ទកសិកម្មចំការដូង

Powered by Koha